000 00562nam a22002057a 4500
003 koha_MIRAKIL
005 20231213095912.0
008 231213b |||||||| |||| 00| 0 ||| d
020 _b978-6-05-484933-8
040 _aTR-IsEVY
_btur
_cTR-IsEVY
082 _aFIC GOG/B
100 _aGogol, Nikolay Vasilyeviç.
245 0 _aBurun
250 _a1. bs.
260 _bAylak Adam Kültür Sanat Yayıncılık,
_c2014
300 _a72.
650 _aChildren's literature -- short stories.
650 _aÇocuk edebiyatı -- hikayeler.
942 _2ddc
_cBK
999 _c11297
_d11297